Literatura española, hispanoamericana y argentina /

Guardado en:
Autor Principal: Pagani, Nelly
Formato: Libro
Publicado: Buenos Aires : A-z, 1989
Etiquetas: Agregar Etiqueta
Sin Etiquetas, Sea el primero en etiquetar este registro!
LEADER 00414nam a22001455a 4500
001 CEM.cems004840
005 20060217000000.0
008 130507s1989##################000#0#####d
003 CEMS
082 0 4 |a 860.9 
100 1 |a Pagani, Nelly 
245 1 0 |a Literatura española, hispanoamericana y argentina / 
260 |a Buenos Aires :  |b A-z,  |c 1989 
300 |a 333 p.1 
859 |a CEMS  |b BIB. CEMS - 11 de abril  |h 860.9  |i P14  |p 16409.91  |t Ej.1